000 01722nam a2200433 c 4500
001 11166
003 ES-MaCES
005 20180118122040.0
008 001003s2000 lu ||| | eng d
020 _a9282897672
035 _aCES20000013037m
040 _aES-MaCES
_bspa
_cES-MaCES
100 1 _aGoudswaard, Anneke
_913980
245 1 0 _aFlexibility and working conditions
_b: a qualitative and comparative study in seven EU member States
_cAnneke Goudswaard, Matthieu de Nanteuil
260 _aLuxembourg
_bOffice for Official Publications of the European Communities
_c2000
300 _aVIII, 142 p.
_c30 cm
500 _aPubl. también en francés bajo el tít.: La flexibilité et les conditions de travail : étude qualitative et comparative dans sept États membres de l'Union européenne
504 _aBibliografía: p. 117-120
541 _cGratuito
650 4 _aflexibilidad del trabajo
_930174
650 4 _amercado de trabajo
_928292
650 4 _acondiciones de trabajo
_928327
650 4 _aEspaña
_926964
650 4 _aFinlandia
_926942
650 4 _aFrancia
_926943
650 4 _aAlemania
_926944
650 4 _aItalia
_926952
650 4 _aPaíses Bajos
_926957
650 4 _aReino Unido
_926967
650 4 _acomparación
_928892
653 1 0 _aEmpleo
650 4 _929020
_apaís de la UE
700 1 _aNanteuil, Matthieu de
_919475
710 2 _93819
_aFundación Europea para la Mejora de las Condiciones de Vida y de Trabajo
740 3 2 _aLa flexibilité et les conditions de travail : étude qualitative et comparative dans sept États membres de l'Union européenne
902 _aLIB Libro
942 _2CES
_cBK
_h2.1.
999 _c11166
_d11166